Random Groups #1 - Statistics

General Stats
  • This quiz has been taken 18 times
  • The average score is 22 of 33
Answer Stats
Hint Answer % Correct
African countries that were never colonized Ethiopia
94%
Communist countries Cuba
89%
Communist countries North Korea
89%
Countries that are transcontinental Turkey
89%
Communist countries Vietnam
89%
Countries where the 7 institutional seats of the EU are seated Belgium
83%
Communist countries China
83%
Countries where the 7 institutional seats of the EU are seated France
83%
Countries where the 7 institutional seats of the EU are seated Germany
83%
Communist countries Laos
83%
Countries with a tree on them Lebanon
83%
African countries that were never colonized Liberia
83%
Countries where the 7 institutional seats of the EU are seated Luxembourg
83%
Countries that are transcontinental Russia
83%
Middle Eastern countries that are not Level 4 (Do not Travel) or Level 3 (reconsider travel) on the U.S. travel advisory list Egypt
78%
Countries that are on jetpunk but not U.N regongnized Kosovo
78%
Countries that are transcontinental Egypt
72%
Middle Eastern countries that are not Level 4 (Do not Travel) or Level 3 (reconsider travel) on the U.S. travel advisory list Turkey
72%
Countries most at risk to be inhabitable Kiribati
67%
Countries that are transcontinental Panama
67%
Countries that are on jetpunk but not U.N regongnized Taiwan
67%
Countries that are transcontinental Kazakhstan
61%
Countries that are a diarchy Vatican City
61%
Countries with a tree on them Haiti
56%
Countries most at risk to be inhabitable Tuvalu
56%
Countries with a tree on them Fiji
50%
Countries most at risk to be inhabitable Maldives
50%
Countries that are a diarchy Eswatini
44%
Countries that are a diarchy San Marino
44%
Countries with a tree on them Belize
39%
Countries most at risk to be inhabitable Marshall Islands
39%
Countries with a tree on them Equatorial Guinea
28%
Countries that are a diarchy Niceragua
6%
No matching quizzes found
Score Distribution
Percent of People with Each Score
Percentile by Number Answered
Your Score History
You have not taken this quiz